| 000 | 004960000a22001930004500 | ||
|---|---|---|---|
| 003 | LK-CoMWRAF | ||
| 005 | 20230901142648.0 | ||
| 008 | 230817t1999 ||||| |||| 00| 0 eng d | ||
| 020 | _a9555800456 | ||
| 040 |
_aLK-CoMWRAF _dLK-CoMWRAF _eLK-CoMWRAF |
||
| 041 | _aeng | ||
| 082 |
_a823 _bHUS |
||
| 100 | _aHussein, Ameena | ||
| 245 | _aFifteen | ||
| 260 |
_aColombo : _bInternational centre for ethnic studies, _c1999 |
||
| 300 | _a152p | ||
| 650 | _aSri Lankan Fiction (English) | ||
| 942 | _cBK | ||
| 999 |
_c3153 _d3153 |
||